|
|
|
|
| LEADER |
00585nam a22001577a 4500 |
| 003 |
OSt |
| 005 |
20200624134530.0 |
| 008 |
151111b xxu||||| |||| 00| 0 eng d |
| 082 |
|
|
|a 621.38153 COR/E
|
| 100 |
|
|
|a Cornetet, Wendell H.
|
| 245 |
|
|
|a Electronic circuits by system and computer analysis /
|c Wendell H. Cornetet, Frank E. Battocletti
|
| 260 |
|
|
|a Tokyo :
|b McGraw-Hill,
|c 1975
|
| 300 |
|
|
|a 395p.
|
| 942 |
|
|
|2 ddc
|c BK
|
| 999 |
|
|
|c 323521
|d 323521
|
| 952 |
|
|
|0 0
|1 0
|2 ddc
|4 0
|6 621_381530000000000_COR_E
|7 0
|9 369986
|a CSC
|b CSC
|c ST1
|d 2015-11-11
|i 3262
|l 0
|o 621.38153 COR/E
|p CSC3262
|r 2015-11-11
|w 2015-11-11
|y BK
|